00000000nam##2200000za#4500
0019.546178
003CaOODSP
00520210615091436
007ta
008150406|2008||||xxc|||||     f|0| 0 eng|d
020 |a978-0-662-05868-7
040 |aCaOODSP|beng
041 |aeng
041 |afre
043 |an-cn---
0861 |aHS23-1/4-2008
1101 |aCanada.|bHuman Resources and Social Development Canada. |bLabour Program.
24510|aRight to refuse dangerous work
260 |aGatineau - Quebec : |bHuman Resources and Social Development Canada. |cc2008.
300 |aEnglish text, 6p. ; |c28 cm.
4901 |aInformation on occupational health and safety |v4
563 |aSoftcover
590 |a08-38|b2008-09-19
69007|aSafety regulations|2gcpds
7760#|tDroit de refuser d'exécuter un travail dangereux |w(CaOODSP)9.596066
7760#|tRight to refuse dangerous work |w(CaOODSP)9.564290
792 |tDroit de refuser d'exécuter un travail dangereux |efre|w(CaOODSP)9.546179
830#0|aInformation on occupational health and safety ;|v4|w(CaOODSP)9.511052
986 |aLT-095-07-08